书目信息 |
| 题名: |
Python与神经网络实战
|
|
| 作者: | 何宇健 编著 | |
| 分册: | ||
| 出版信息: | 北京 电子工业出版社 2018.07 |
|
| 页数: | 386页 | |
| 开本: | 26cm | |
| 丛书名: | ||
| 单 册: | ||
| 中图分类: | TP183 | |
| 科图分类: | ||
| 主题词: | 人工神经网络--软件工具--程序设计 | |
| 电子资源: | ||
| ISBN: | 978-7-121-34238-7 | |
| 000 | 00716nam0 2200217 450 | |
| 001 | 5755 | |
| 005 | 20181024131118.65 | |
| 010 | @a978-7-121-34238-7@dCNY79.00 | |
| 100 | @a20180913d2018 em y0chiy50 ea | |
| 101 | 0 | @achi |
| 102 | @aCN@b110000 | |
| 105 | @aa z 000yy | |
| 200 | 1 | @aPython与神经网络实战@9Python yu shen jing wang luo shi zhan@f何宇健编著 |
| 210 | @a北京@c电子工业出版社@d2018.07 | |
| 215 | @a386页@c图@d26cm | |
| 330 | @a本书介绍了神经网络的诸多基础与进阶的技术,同时还介绍了如何利用神经网络来解决真实世界中的现实任务。 | |
| 606 | 0 | @a人工神经网络@x软件工具@x程序设计 |
| 690 | @aTP183@v5 | |
| 701 | 0 | @a何宇健@9he yu jian@4编著 |
| 801 | 0 | @aCN@b91MARC@c20180913 |
| 905 | @aMuseLib@dTP183@e168 | |
| Python与神经网络实战/何宇健编著.-北京:电子工业出版社,2018.07 |
| 386页:图;26cm |
| ISBN 978-7-121-34238-7:CNY79.00 |
| 本书介绍了神经网络的诸多基础与进阶的技术,同时还介绍了如何利用神经网络来解决真实世界中的现实任务。 |
| ● |
| 相关链接 |
|
|
|
|
正题名:Python与神经网络实战
索取号:TP183/168
 
预约/预借
| 序号 | 登录号 | 条形码 | 馆藏地/架位号 | 状态 | 备注 |
| 1 | 1130829 | 211308299 | 第二样本阅览室/ [索取号:TP183/168] | 在馆 | |
| 2 | 1130830 | 211308306 | 计算机科学系资料室/ [索取号:TP183/168] | 在馆 | |
| 3 | 1130831 | 211308315 | 第三借阅区/ [索取号:TP183/168] | 在馆 | |
| 4 | 1130832 | 211308324 | 第三借阅区/ [索取号:TP183/168] | 在馆 | |
| 5 | 1130833 | 211308333 | 第三借阅区/ [索取号:TP183/168] |
已借出,限还日期为2026.09.03 借出人:姜丽飞 |